Statistiques concernant Création de mots - Puzzle #2

Cliquez ici pour prendre le quiz!

Statistiques générales

  • Ce quiz a été pris 790 fois
    (755 depuis la dernière actualisation)
  • Le résultat moyen est 13 sur 28

Statistiques - réponses

Mots% Correct
Mile
77%
Mole
76%
Pile
74%
Mêle
72%
Pige
72%
Trou
67%
Pôle
65%
Tige
63%
Tole
60%
Pèle
56%
Toge
55%
Miam
50%
Zèle
48%
Tram
46%
Mils
45%
Prou
45%
Zoos
44%
Télé
43%
Pros
42%
Mels
37%
Peau
34%
Pils
33%
Tels
28%
Team
20%
Zigs
19%
Zoom
18%
Moas
16%
Tolu
16%

Distribution des résultats

Percentile par nombre de réponses

% des personnes avec chaque résultat

Votre développement - résultats

Vous n’avez pas pris ce quiz depuis la dernière actualisation